Ética profesional del abogado

Detalles Bibliográficos
Autor principal: Contreras, Sebastiǹ
Otros Autores: Miranda, Alejandro
Formato: eBook
Lenguaje:español
Publicado: Santiago de Chile: Universidad de los Andes (Chile), 2013
Materias:
Acceso en línea:Acceso restringido

MARC

LEADER 00000nam a22000007a 4500
005 20180402205541.0
007 cr|||| ||||
008 180402s2013 cl |||||s|||| 00||0 spa d
020 |a 978-956-7160-82-2 
035 |a 21298 
040 |a vLex 
090 |c 7628  |d 7628 
100 1 |a Contreras, Sebastiǹ 
245 1 0 |a Ética profesional del abogado  |h [Recurso electrn̤ico] /  |c Sebastiǹ Contreras, Alejandro Miranda 
256 |a Servicio en ln̕ea 
260 |a Santiago de Chile:  |b Universidad de los Andes (Chile),  |c 2013 
300 |a 1 recurso electrn̤ico 
500 |a Subtt̕ulo: Principios generales y comentarios al nuevo Cd̤igo de Ética Profesional del Colegio de Abogados de Chile. 
506 1 |a Disponible solo en los productos indicados  |d vLex Global  |d vLex Global (Academic Edition, excluding Law Schools)  |d vLex Global (U.S. Academic Edition, Law Schools)  |d vLex Global (U.S. Academic Edition, excluding Law Schools)  |d vLex Global (Academic Edition, Law Schools) 
650 0 4 |a Abogados  |z Chile 
700 1 |a Miranda, Alejandro 
740 0 |a vLex Libros (Servicio en ln̕ea) 
856 4 0 |u http://vlex.com/source/etica-profesional-del-abogado-principios-generales-y-comentarios-al-nuevo-codigo-de-etica-profesional-del-colegio-de-abogados-de-chile-21298  |z Acceso restringido 
942 |c BOOK 
999 0 |a Lawyers